Normal view
MARC view
Entry Personal Name
001 - CONTROL NUMBER
- control field: 24245
003 - CONTROL NUMBER IDENTIFIER
- control field: ARRUPE
005 - DATE AND TIME OF LATEST TRANSACTION
- control field: 20160428121536.0
008 - FIXED-LENGTH DATA ELEMENTS
- fixed length control field: 160428|| aca||aabn | a|a d
040 ## - CATALOGING SOURCE
- Original cataloging agency: ARRUPE
- Transcribing agency: ARRUPE
100 ## - HEADING--PERSONAL NAME
- Personal name: Schrödinger, Erwin,
- Dates associated with a name: 1887-1961.
670 ## - SOURCE DATA FOUND
- Source citation: Work cat.: (ARRUPE)0: Gribbin, John, 1946- 5599, Erwin Schrödinger and the quantum revolution /, 2012